El Tributo de los indígenas encomendados del Valle Central: fuente fundamental de la explotación colonial, siglos XVI-XVII /
El trabajo plantea dos objetivos principales: en primer lugar, analizar el papel de las estructuras coloniales de dominación sobre los pueblos indígenas reducidos, tratando de determinar de qué manera fueron articulados a las diferentes instituciones de aparato colonial, a saber: administrativo, fis...
שמור ב:
| מחבר ראשי: | |
|---|---|
| מחברים אחרים: | |
| פורמט: | Texto |
| נושאים: | |
| תגים: |
הוספת תג
אין תגיות, היה/י הראשונ/ה לתייג את הרשומה!
|
MARC
| LEADER | 00000 a a2200000 04500 | ||
|---|---|---|---|
| 001 | 14420 | ||
| 003 | |||
| 040 | |||
| 100 | |a Quirós Vargas, Claudia | ||
| 245 | |a El Tributo de los indígenas encomendados del Valle Central: |b fuente fundamental de la explotación colonial, siglos XVI-XVII / |c Claudia Quirós Vargas ; Margarita Bolaños Arquín | ||
| 520 | |a El trabajo plantea dos objetivos principales: en primer lugar, analizar el papel de las estructuras coloniales de dominación sobre los pueblos indígenas reducidos, tratando de determinar de qué manera fueron articulados a las diferentes instituciones de aparato colonial, a saber: administrativo, fiscal y eclesiástico. Un segundo aspecto se describe los mecanismo que se pusieron en práctica al interior de las comunidades indígenas, para poder establecer: a- la importancia de la fuerza de trabajo indígena en el desarrollo de las actividades agropecuarias artesanales |a b- los mencanismo de explotación utilizados por la élite colonial |a c- las consecuencias reales del papel económico asignado a los pueblos indígenas durante la etapa inicial de acumulación de capitales y la consolidación de los encomenderos como clase dominante |a d- una periodización de la explotación por medio del tributo |a e- las causas que incidieron sobre el dramático descenso de la población y sobre la desintegración de las comunidades indígenas |a f- las concentraciones fundamentales que incidieron sobre la discontinuidad de esta primera estructuración colonnial. Entre los temas analizados encontramos: la integración y organización de los pueblos indígenas con respecto a las estructuras coloniales y el tributo ecomendado, fundamento de la explotación colonial (siglos XVI y XVII). HMBQ/HMBQ | ||
| 650 | |a PUB.IIS | ||
| 650 | |a EPOCA COLONIAL | ||
| 650 | |a AMERINDIOS | ||
| 650 | |a ENCOMIENDAS | ||
| 650 | |a DESARROLLO ECONOMICO | ||
| 650 | |a MANO DE OBRA | ||
| 650 | |a PRODUCCION AGROPECUARIA | ||
| 650 | |a POBLACION | ||
| 650 | |a EPOCA COLONIAL | ||
| 650 | |a AMERINDIOS | ||
| 650 | |a ENCOMIENDA | ||
| 700 | |a Bolaños Arquín, Margarita | ||
| 773 | |g ESPECIAL número 2; páginas 33-46 | ||
| 999 | |c 31511 |d 31511 | ||
| 773 | 0 | |0 18728 |9 4449 |a Universidad de Costa Rica. |d San José, Costa Rica Editorial UCR 1959- |o 16794 |t Revista de Ciencias Sociales/ |x 04825276 | |
